[Event "Karelian Autumn"]
[Site "Petrozavodsk"]
[Date "2012.10.14"]
[Round "1"]
[White "Lebedenko, Nadezhda"]
[Black "Loboda, Alexey M"]
[Result "0-1"]
[WhiteElo "2089"]
[BlackElo "1851"]
[PlyCount "78"]
[EventDate "2012.10.14"]
[EventType "swiss"]
[EventRounds "9"]
[EventCountry "RUS"]
[SourceTitle "EXT 2013"]
[Source "ChessBase"]
[SourceDate "2012.11.22"]
[SourceVersion "1"]
[SourceVersionDate "2012.11.22"]
[SourceQuality "1"]

1. e4 e6 2. d4 d5 3. e5 c5 4. c3 Nc6 5. Nf3 cxd4 6. cxd4 Nge7 7. Bd3 Ng6 8. h4 Be7 9. h5 Nf8 10. Nc3 h6 11. Rh3 f5 12. exf6 Bxf6 13. Ne2 e5 14. dxe5 Bxh3 15. exf6 Qxf6 16. Nf4 Be6 17. Ng6 Nxg6 18. Bxg6+ Bf7 19. Qxd5 0-0 20. Qb5 Nd4 21. Qd3 Nxf3+ 22. gxf3 Rad8 23. Bxf7+ Qxf7 24. Qb3 Qxb3 25. axb3 a6 26. Ke2 Rf5 27. Ra4 Rxh5 28. Rg4 Rd6 29. Rc4 Rb5 30. b4 Rc6 31. Rxc6 bxc6 32. Bd2 h5 33. f4 Kf7 34. Kf3 Ke6 35. Ke4 g6 36. Bc3 c5 37. bxc5 Rxc5 38. Kf3 Rxc3+ 39. bxc3 a5 0-1